Prjwod ku Umenj Počtůw k' Užitku Národných Sskol V Uherskeg, a snu spogenych Kraynach

Bibliographic Details
Corporate Author: Kráľovská univerzitná tlačiareň (Budapešť, Maďarsko) (Printer)
Format: Book
Language:Slovak
PhysicalDescription:47, [1] s. 19 cm
Published: w Budjne Wytisstene s Literami Králow. Uniw. MDCCLXXX [=1780]
Subjects:

MARC

LEADER 00000nam a2200000 a 4500
001 vtls011467922
003 SK-MaSNL
005 20260302014139.0
008 251112s1780 hu g 0 0 0 slo
015 |a SNBHFA1780 
035 |a E284C5D9-C93C-44FB-BA6F-CF52E014FE6B 
035 |a urn:nbn:sk:snk-amtfqb 
035 |a urn:nbn:sk:snk-am00c8ec 
040 |a SNK  |b slo  |c SNK  |e AACR2 
041 0 |a slo 
044 |a hu  |c HU 
072 7 |a 51  |x Matematika  |2 konspekt 
080 |a 51  |2 2001 
080 |a (075)  |2 2001 
130 1 0 |a Prjwod  |9 393229 
245 1 0 |a Prjwod ku Umenj Počtůw  |b k' Užitku Národných Sskol V Uherskeg, a snu spogenych Kraynach 
260 |a w Budjne  |b Wytisstene s Literami Králow. Uniw.  |c MDCCLXXX [=1780] 
300 |a 47, [1] s.  |c 19 cm 
500 |a Vinety, tlačiarenské ozdoby, kustódy 
501 |a Príväzok 3. k:  |a Weliky Katechizmus s Otáskami, a Odpowĕdmi k obecnému, a zwlásstnemu Wyučowánj Mládeže w Cýsarsko-Kralowských Zemách. W Budjne: Witisstene s Literami Král. Univer. 1793.  |5 SNK SD 15189 
561 |a Exlibris: Z Biblioteki Uhro - Slowenskég Michala Ressetka.  |5 SNK SD 15189 
563 |a Rukopisné poznámky na prídoští.  |5 SNK SD 15189 
650 0 7 |a matematika  |2 SNKPH  |9 70174 
655 7 |a učebnice  |2 SNKPH  |9 22521 
700 1 |a Rešetka, Michal,  |d 1794-1854  |4 fmo  |9 37150 
710 2 |a Kráľovská univerzitná tlačiareň (Budapešť, Maďarsko)  |4 prt  |9 265812 
752 |a Maďarsko  |d Budapešť 
852 |a snk  |b Historické fondy  |p SD 15189 
958 |a ONDV 
999 |c 1015810  |d 1017740 
952 |t Reš 119  |a SNK  |b SNK  |c SNK_HF  |y PREZ  |7 0  |p 17A1128054  |o snkSD 15189/prív.3  |i snkKSF 996/58  |8 5  |0 0  |1 0  |4 0  |d 2016-01-21  |f 1  |l 0  |r 2026-02-24 13:07:37  |w 2026-02-24